Statistics for Germany National Team footballers since 2010

Click here to take the quiz!

General Stats

  • This quiz has been taken 417 times
    (198 since last reset)
  • The average score is 67 of 125

Answer Stats

YearsClub(s)Apps.Pos.Footballer% Correct
2010-22Bayern München / Schalke 04111GKManuel Neuer
99%
2010-23Bayern München123FWThomas Müller
99%
2010-21Real Madrid / Bayern München106MFToni Kroos
99%
2010-18Arsenal / Real Madrid85MFMesut Özil
97%
2013Mainz 052MFNicolai Müller
97%
2010-21Borussia Dortmund / Bayern München76DFMats Hummels
96%
2014-19Hoffenheim / Bayern München29MFSebastian Rudy
96%
2014-23Chelsea / AS Roma62DFAntonio Rüdiger
94%
2011-23Manchester City / Borussia Dortmund69MFİlkay Gündoğan
94%
2016-23Bayern München80MFJoshua Kimmich
94%
2010-14SS Lazio / Bayern München44FWMiroslav Klose
94%
2010-18Real Madrid / Juventus76MFSami Khedira
94%
2011-21Borussia Dortmund / Borussia Mönchengladbach48FWMarco Reus
93%
2017-23RB Leizpig / Chelsea57FWTimo Werner
93%
2015-23Bayern München / Manchester City55FWLeroy Sané
92%
2010-23Bayern München / Borussia Dortmund66MFMario Götze
92%
2010-14Bayern München50DFPhilipp Lahm
92%
2012-23FC Barcelona / Borussia Mönchengladbach36GKMarc-André ter Stegen
91%
2018-23Chelsea / Bayer Leverkusen39FWKai Havertz
90%
2010-18Bayern München / Manchester City74DFJérôme Boateng
89%
2010-17FC Köln / Arsenal61FWLukas Podolski
89%
2010-16Bayern München / Manchester United49MFBastian Schweinsteiger
88%
2014-23Bayern München / Schalke 0453MFLeon Goretzka
88%
2012-22Paris Saint-Germain / Schalke 0458MFJulian Draxler
87%
2016-23Bayern München43FWSerge Gnabry
86%
2016-23Bayern München / Borussia Dortmund47DFNiklas Süle
83%
2015-23Liverpool / Borussia Dortmund43MFEmre Can
82%
2010-17Chelsea / Bayer Leverkusen57FWAndré Schürrle
81%
2021-23Bayern München23MFJamal Musiala
80%
2010-18Bayern München / Beşiktaş47FWMario Gómez
80%
2010-14Arsenal / Werder Bremen45DFPer Mertesacker
80%
2014-17Arsenal / Valencia20DFShkodran Mustafi
77%
2016-21Bayer Leverkusen / Arsenal9GKBernd Leno
75%
2020-23Atalanta / Internazionale Milano18MFRobin Gosens
74%
2018-23Paris Saint-Germain / West Ham United27DFThilo Kehrer
74%
2016-23Bayer Leverkusen / Borussia Dortmund44MFJulian Brandt
73%
2011-17Schalke 0444DFBenedikt Höwedes
72%
2017-23Eintracht Frankfurt / Paris Saint-Germain7GKKevin Trapp
72%
2023Brighton & Hove Albion2MFPascal Groß
72%
2022-23Werder Bremen9FWNiclas Füllkrug
71%
2014-23Borussia Mönchengladbach / Borussia Dortmund51DFMatthias Ginter
70%
2021-23Bayer Leverkusen10MFFlorian Wirtz
69%
2014-19FC Köln43DFJonas Hector
68%
2016-23Bayer Leverkusen17DFJonathan Tah
67%
2014-21AS Monaco / Bayer Leverkusen15FWKevin Volland
65%
2022-23Freiburg / Borussia Dortmund11DFNico Schlotterbeck
65%
2013-15Borussia Dortmund5GKRoman Weidenfeller
65%
2010Chelsea1FWMichael Ballack
64%
2020-23Borussia Mönchengladbach / Bayer Leverkusen22MFJonas Hofmann
62%
2021-23Hoffenheim / RB Leipzig18DFDavid Raum
61%
2019-23RB Leipzig22DFLukas Klostermann
61%
2010-15Bayern München31DFHolger Badstuber
59%
2014-16Borussia Mönchengladbach12MFChristoph Kramer
58%
2010-14Borussia Dortmund16DFMarcel Schmelzer
58%
2011-14Bayer Leverkusen19DFLars Bender
57%
2010Bayer Leverkusen3FWStefan Kießling
57%
2011-13Borussia Dortmund7DFSven Bender
57%
2014-23Freiburg8DFChristian Günter
52%
2016-22Borussia Dortmund / SL Benfica6MFJulian Weigl
52%
2021-22RB Salzburg4FWKarim Adeyemi
52%
2010-14Borussia Dortmund6MFKevin Großkreutz
51%
2016-23RB Leipzig / Bayer Leverkusen11DFBenjamin Henrichs
50%
2017-21RB Leipzig9DFMarcel Halstenberg
48%
2014-21Wolfsburg3MFMaximilian Arnold
48%
2018-20Hoffenheim / Borussia Dortmund12DFNico Schulz
48%
2019-21Leeds United / Freiburg8DFRobin Koch
48%
2011-15Hannover 966GKRon-Robert Zieler
47%
2010Hannover 961DFChristian Schulz
46%
2014-16Bayer Leverkusen11FWKarim Bellarabi
46%
2014Borussia Dortmund7DFErik Durm
45%
2010-12Stuttgart19FWClaudemir Cacau
44%
2010-13Bayer Leverkusen / Hamburger SV4GKRené Adler
44%
2010-11Hertha BSC / Wolfsburg13DFArne Friedrich
43%
2010Bayern München1GKHans Jörg Butt
43%
2022Borussia Dortmund2FWYoussoufa Moukoko
43%
2010-13Hamburger SV / Schalke 0410DFHeiko Westermann
41%
2023AC Milan2DFMalick Thiaw
41%
2020PSV Eindhoven3DFPhilipp Max
41%
2022Southampton2DFArmel Bella-Kotchap
40%
2023Wolfsburg1MFFelix Nmecha
40%
2021-22Wolfsburg7FWLukas Nmecha
40%
2010-12Werder Bremen4GKTim Wiese
40%
2017-18Hoffenheim / Bayern München8FWSandro Wagner
39%
2019-20SL Benfica / Freiburg7FWLuca Waldschmidt
38%
2010-14Hamburger SV15DFMarcell Jansen
38%
2017-18Hertha BSC7DFMarvin Plattenhardt
38%
2017-18Borussia Mönchengladbach11FWLars Stindl
37%
2023Brentford3FWKevin Schade
36%
2023Borussia Dortmund5DFMarius Wolf
35%
2014-16Schalke 044MFMax Meyer
35%
2017-21AFC Ajax / Eintracht Frankfurt8MFAmin Younes
33%
2014Augsburg1FWAndré Hahn
32%
2013-15Wolfsburg14FWMax Kruse
31%
2017Hoffenheim2MFKerem Demirbay
30%
2020Borussia Dortmund2MFMahmoud Dahoud
30%
2010Werder Bremen9MFMarko Marin
30%
2018Freiburg2FWNils Petersen
29%
2010-11Bayer Leverkusen5MFSimon Rolfes
29%
2020-21Wolfsburg4DFRidle Baku
28%
2010Stuttgart5DFSerdar Taşçı
28%
2010-13Hamburger SV12DFDennis Aogo
27%
2023Stuttgart1DFJosha Vagnoman
27%
2010Hamburger SV7MFPiotr Trochowski
25%
2010-12Mainz 05 / Schalke 043MFLewis Holtby
24%
2018Schalke 041FWMark Uth
24%
2010West Ham United1MFThomas Hitzlsperger
24%
2010Hoffenheim3DFAndreas Beck
23%
2019-20Hertha BSC2DFNiklas Stark
22%
2022Mainz 052MFAnton Stach
21%
2023Augsburg2FWMërgim Berisha
21%
2010-11Stuttgart / Wolfsburg9DFChristian Träsch
19%
2010Stuttgart1MFChristian Gentner
18%
2010Bayer Leverkusen1FWPatrick Helmes
18%
2013Bayer Leverkusen5MFSidney Sam
18%
2019-20Schalke 044MFSuat Serdar
18%
2010-13Werder Bremen2MFAaron Hunt
17%
2010Wolfsburg1DFMarcel Schäfer
17%
2010-13Bayer Leverkusen3MFStefan Reinartz
16%
2017RB Leipzig1MFDiego Demme
14%
2016Wolfsburg1MFYannick Gerhardt
12%
2012-13Schalke 042MFRoman Neustädter
11%
2014Eintracht Frankfurt1DFSebastian Jung
9%
2010Wolfsburg2MFSascha Riether
7%
2014Freiburg1DFOliver Sorg
5%
2013Bayer Leverkusen2DFPhilipp Wollscheid
5%

Score Distribution

Percentile by Number Answered

Percent of People with Each Score

Your Score History

You have not taken this quiz since the last reset